Szczegóły MARC21

Słownik stereotypów i symboli ludowych. T. 2, Rośliny. 7, Krzewy i krzewinki /

003 -Nazwa inst., której nr kontr. jest w polu 001 [,]
    • @
    • Nazwa instytucji, której n kontrolny jest w polu 001
    • NUKAT
005 -DATA I CZAS OSTATNIEJ MODYFIKACJI [,]
    • @
    • pole kontrolne
    • 20250401075321.0
020 -Międzynarod. znormalizowany nr książki - ISBN [ , ]
    • a
    • Numer ISBN
    • 9788322796306 Find
040 -Instytucja sporządzająca opis [ , ]
    • a
    • Instytucja, która sporządziła opis (NP)
    • KIEL 010/MP
    • b
    • Język katalogowania
    • pol
    • e
    • Zasady katalogowania
    • rda
    • c
    • Instytucja, która sporządziła rekord (NP)
    • KIEL 010/MP
    • d
    • Instytucja, która zmodyfikowała rekord (P)
    • KIEL 010/GA
    • d
    • Instytucja, która zmodyfikowała rekord (P)
    • KIEL 010/AB
    • d
    • Instytucja, która zmodyfikowała rekord (P)
    • OLSZT 003/BKs
942 -Rodzaj dokumentu [ , ]
    • c
    • Rodzaj dokumentu
    • Książka
245 -Strefa tytułu i oznaczenia odpowiedzialności [0,0]
    • a
    • Tytuł
    • Słownik stereotypów i symboli ludowych. Find
    • n
    • Oznaczenie części (P)
    • T. 2,
    • p
    • Nazwa części (P)
    • Rośliny.
    • n
    • Oznaczenie części (P)
    • 7,
    • p
    • Nazwa części (P)
    • Krzewy i krzewinki /
    • c
    • Pozostałe elementy strefy tytułu i oznaczenia odpowiedzialności (NP)
    • koncepcja całości i redakcja: Jerzy Bartmiński ; zastępca redaktora: Stanisława Niebrzegowska-Bartmińska ; autorzy haseł Anna Kaczan, Olga Kielak, Stanisława Niebrzegowska-Bartmińska, Katarzyna Prorok ; Uniwersytet Marii Curie-Skłodowskiej. Instytut Filologii Polskiej, Polska Akademia Nauk. Instytut Slawistyki.
260 -Strefa adresu wydawniczego [ , ]
    • a
    • Miejsce wydania (P)
    • Lublin :
    • b
    • Nazwa wydawcy (P)
    • Wydawnictwo Uniwersytetu Marii Curie-Skłodowskiej,
    • c
    • Data wydania (P)
    • 2022.
300 -Strefa opisu fizycznego [ , ]
    • a
    • Określenie formy książki i/lub objętość (NP)
    • 333 strony :
    • b
    • Oznaczenie ilustracji (NP)
    • ilustracje kolorowe ;
    • c
    • Format (NP)
    • 25 cm.
336 -Typ zawartości [ , ]
    • a
    • Termin opisujący typ zawartości
    • Tekst
    • b
    • Kod określający zawartość
    • txt
    • 2
    • Źródło (terminu i kodu)
    • rdacontent
337 -Typ mediów [ , ]
    • a
    • Tryb odtwarzania
    • Bez urządzenia pośredniczącego
    • b
    • Kod typu mediów
    • n
    • 2
    • Źródło (terminu i kodu)
    • rdamedia
338 -Typ/rodzaj nośnika [ , ]
    • a
    • Hasło opisujące typ nośnika
    • Wolumin
    • b
    • Kod typu nośnika
    • nc
    • 2
    • Źródło (terminu i kodu)
    • rdacarrier
504 -Uwaga dot. bibliogr. załącznikowej [ , ]
    • a
    • Uwaga dot. bibliografii załącznikowej
    • Bibliografia przy hasłach.
536 -Uwaga dot. finansowania książki [ , ]
    • a
    • Tekst uwagi
    • Praca naukowa finansowana w ramach programu Ministra Nauki i Szkolnictwa Wyższego pod nazwą "Narodowy Program Rozwoju Humanistyki" w latach 2015-2020. Tytuł projektu: "Świat roślin w polszczyźnie ludowej i potocznej (drzewa, zboża, kwiaty, zioła, grzyby itp.). Słownik etnolingwistyczny"
    • d
    • Numer programu, zadania, pracy
    • 0024/NPRH3/H11/82/2015
650 -Hasło przedmiotowe [ ,7]
    • a
    • Hasło przedmiotowe
    • Krzewy
    • x
    • Określnik rzeczowy
    • folklor
    • x
    • Określnik rzeczowy
    • słowniki.
    • 2
    • Źródło terminu
    • kaba
    • 9
    • KHW
    • 689989
700 -Hasło dodatkowe - nazwa osobowa [1, ]
    • a
    • Nazwa osobowa (NP)
    • Bartmiński, Jerzy Find
    • d
    • Daty biograficzne (NP)
    • (1939-2022).
    • e
    • Określenie rodzaju współpracy
    • Redakcja
    • 9
    • KHW
    • 13526
700 -Hasło dodatkowe - nazwa osobowa [1, ]
    • a
    • Nazwa osobowa (NP)
    • Niebrzegowska-Bartmińska, Stanisława Find
    • d
    • Daty biograficzne (NP)
    • (1962- ).
    • e
    • Określenie rodzaju współpracy
    • Redakcja
    • e
    • Określenie rodzaju współpracy
    • Autor
    • 9
    • KHW
    • 13529
700 -Hasło dodatkowe - nazwa osobowa [1, ]
    • a
    • Nazwa osobowa (NP)
    • Kaczan, Anna. Find
    • e
    • Określenie rodzaju współpracy
    • Autor
    • 9
    • KHW
    • 485974
700 -Hasło dodatkowe - nazwa osobowa [1, ]
    • a
    • Nazwa osobowa (NP)
    • Kielak, Olga. Find
    • e
    • Określenie rodzaju współpracy
    • Autor
    • 9
    • KHW
    • 689951
700 -Hasło dodatkowe - nazwa osobowa [1, ]
    • a
    • Nazwa osobowa (NP)
    • Prorok, Katarzyna. Find
    • e
    • Określenie rodzaju współpracy
    • Autor
    • 9
    • KHW
    • 485976
710 -Hasło dodatkowe - nazwa ciała zbiorowego [2, ]
    • a
    • Nazwa ciała zbiorowego lub nazwa geograficzna jako pierwszy element (NP)
    • Uniwersytet Marii Curie-Skłodowskiej (Lublin).
    • b
    • Nazwa jednostki podrzędnej (P)
    • Wydawnictwo.
    • e
    • Rodzaj współpracy
    • Wydawca
    • 4
    • Kod relacji
    • pbl
    • e
    • Rodzaj współpracy
    • Instytucja sprawcza
    • 9
    • KHW
    • 51608
710 -Hasło dodatkowe - nazwa ciała zbiorowego [2, ]
    • a
    • Nazwa ciała zbiorowego lub nazwa geograficzna jako pierwszy element (NP)
    • Polska Akademia Nauk.
    • b
    • Nazwa jednostki podrzędnej (P)
    • Instytut Slawistyki.
    • e
    • Rodzaj współpracy
    • Instytucja sprawcza
    • 9
    • KHW
    • 28980
920 -ISBN [ , ]
    • a
    • ISBN
    • 978-83-227-9630-6 Find
Sygnatura Status udost. Numer inwentarzowy Lokalizacja Data inwentaryzacji
POL. Słowniki symboli 181P.30935BM2023-09-13